Young Money/YMCMB Artists - Statistics

General Stats
  • This quiz has been taken 21 times
  • The average score is 10 of 23
Answer Stats
Status Song Artist % Correct
Former Headlines Drake
100%
Current, Founder Lollipop Lil Wayne
100%
Former Super Bass Nicki Minaj
100%
Former, Producer All I Do Is Win DJ Khaled
73%
Former Rack City Tyga
67%
Current 6 Foot 7 Foot Cory Gunz
53%
Current Gunwalk Gudda Gudda
47%
Former, Singer Down Jay Sean
40%
Former, Singer Lay It Down Lloyd
40%
Former, Singer Mmm Yeah Austin Mahone
33%
Former, Singer Let It Rock Kevin Rudolf
33%
Current Every Girl Mack Maine
33%
Former, Singer Ice Box Omarion
33%
Former Curtains Boo
27%
Former Mrs. Officer Kidd Kidd
27%
Current Girl I Got You Lil Twist
27%
Former Alcoholic Chanel West Coast
20%
Former Mary Curren$y
20%
Current, Producer No Worries Detail
20%
Current Runnin Shanell
20%
Current Finessin Baby E
13%
Former Haterz Glasses Malone
13%
Former, Singer Say So PJ Morton
13%
No matching quizzes found
Score Distribution
Percent of People with Each Score
Percentile by Number Answered
Your Score History
You have not taken this quiz